Longest Rivers in Germany - Statistics

General Stats
  • This quiz has been taken 23 times
  • The average score is 7 of 10
Answer Stats
Length (in Germany) (km) Answer % Correct
727 Elbe
100%
865 Rhine
100%
527 Main
95%
647 Danube
89%
451 Wesser
63%
334 Havel
47%
382 Spree
47%
371 Ems
42%
362 Neckar
42%
413 Saale
32%
No matching quizzes found
Score Distribution
Percent of People with Each Score
Percentile by Number Answered
Your Score History
You have not taken this quiz